000 00496nam a2200181Ia 4500
005 20250326125745.0
008 250326s9999 xx 000 0 und d
037 _aTextbook
040 _aFMSL
_beng
_cFMSL
041 _aeng
_2eng
084 _aX:89 N7
_qFMSL
100 _aJacobs O L R
_9278912
245 0 _aIntroducation to dynamic programming
_cJacobs O L R
260 _aLondon
_bLondon, Chapman
_c1967
300 _a126p
942 _cTB
_hX:89 N7
999 _c1279427
_d1279427